000 00258nam a22001217a 4500
008 180425b xxu||||| |||| 00| 0 eng d
041 _aeng
080 _a043.3
100 _a0
101 _aARK-BTH
245 _aVillë Sezonale
_cThaçi,D
942 _2udc
_cBK
999 _c45536
_d45536